| 000 | 01165nam a22002297a 4500 | ||
|---|---|---|---|
| 005 | 20250618073730.0 | ||
| 008 | s2556 th tha d | ||
| 020 | _a9789740211570 | ||
| 040 | _aNALT | ||
| 041 | _atha | ||
| 050 |
_aDS 589.P31 _bธ285ป 2556 |
||
| 100 | 0 |
_aธเนศ อาภรณ์สุวรรณ. _9201 |
|
| 245 | 1 | 0 |
_aประวัติศาสตร์วิพากษ์ : _bสยามไทยกับปาตานี / _cธเนศ อาภรณ์สุวรรณ. |
| 260 |
_aกรุงเทพฯ : _bมติชน, _c2556. |
||
| 300 |
_a193 หน้า : _bภาพประกอบ ; _c21 ซม. |
||
| 651 | 4 |
_922321 _aไทย (ภาคใต้) _xการเมืองและการปกครอง |
|
| 651 | 0 |
_aปัตตานี _xประวัติศาสตร์ _920642 |
|
| 651 | 0 |
_aไทย _xประวัติศาสตร์ _yกรุงรัตนโกสินทร์, 2516 _917724 |
|
| 850 | _aNALT | ||
| 942 |
_cGB _2lcc |
||
| 998 |
_j _kCRON CRON |
||
| 999 |
_c69978 _d69978 |
||